[Event "Fredericia Chess 2024 IM"]
[Site "Fredericia Denmark"]
[Date "2024.05.10"]
[Round "5.3"]
[White "Kanov, Nikola Krasimirov"]
[Black "Kopylov, Daniel"]
[Result "1/2-1/2"]
[WhiteElo "2413"]
[BlackElo "2368"]
[WhiteFideId "2928531"]
[BlackFideId "12921971"]
[SourceTitle "Live"]

1. e4   e5  2. Nf3   Nf6  3. Nxe5   d6  4. Nf3   Nxe4  5. Qe2   Qe7  6. d3   Nf6  7. Nc3   c6  8. Bf4   Qxe2+  9. Bxe2   d5  10. h3  10... Be7  11. O-O-O   Nbd7  12. d4   Ne4  13. Nxe4   dxe4  14. Nd2   Nf6  15. Be5   Bf5  16. g4   Bg6  17. h4   h5  18. g5   Nd5  19. Bxg7   Rg8  20. Be5  20... e3  21. Nf1   exf2  22. Rh2   f6  23. gxf6   Nxf6  24. Rxf2   Ng4  25. Bxg4   hxg4  26. Rh2   O-O-O  27. Ne3   Bh5  28. Nf5   Bf8  29. Rf1   Rd7  30. Ng3  30... Rh7  31. Kd2   Be7  32. Ke3   Kd7  33. c4   Ke6  34. Ne2   Kd7  35. Rfh1   Bf7  36. b3   b5  37. cxb5   Bd5  38. bxc6+   Bxc6  39. Rc1   Rxh4  40. d5  40... Bg5+  41. Ke4   Rxh2  42. dxc6+   Kc8  43. Bxh2   Bxc1  44. Nxc1   g3  45. Bg1   g2  46. Nd3   Kc7  47. Ne5   a5  48. Kf3   a4  49. b4   Kd6  50. Ke4  50... a3  51. Bc5+   Kc7  52. Kd5   g1=Q  53. Bxg1   Rxg1  54. b5   Rg5  55. Kd4   Kb6  56. Nc4+   Kxb5  57. Nxa3+   Kxc6  58. Kc4   Rg4+  59. Kb3   Kc5  60. Nc2  60... Rg3+  61. Kb2   Rh3  62. Na3   Kb4  63. Nc2+   Kc4  64. Na3+   Kc5  65. Nc2   Rh8  66. Kc3   Rh2  67. Kb3   Rf2  68. Kc3   Rf3+  1/2-1/2

[Event "Fredericia Chess 2024 IM"]
[Site "Fredericia Denmark"]
[Date "2024.05.10"]
[Round "5.4"]
[White "Easwaralingam, Adesh"]
[Black "Kopylov, Michael"]
[Result "0-1"]
[WhiteElo "2168"]
[BlackElo "2376"]
[WhiteFideId "1448552"]
[BlackFideId "14105080"]
[SourceTitle "Live"]

1. e4   c5  2. Nf3   e6  3. d4   cxd4  4. Nxd4   Qb6  5. Nb3   Qc7  6. Nc3   a6  7. Be2   Nf6  8. O-O   d6  9. Be3   b5  10. a3  10... Bb7  11. Qd3   Nbd7  12. f4   Rc8  13. Bf3   Be7  14. Rad1   O-O  15. Qe2   Rfe8  16. Qf2   Qb8  17. Nd2   a5  18. Rc1   b4  19. axb4   axb4  20. Ne2  20... Nc5  21. Ng3   Na4  22. Rb1   Rxc2  23. Bd1   Nxe4  24. Ngxe4   Bxe4  25. Bxc2   Bxc2  26. Ra1   Nxb2  27. Nc4   Nxc4  28. Ba7   Qb5  29. Qxc2   b3  30. Rfb1  30... b2  31. Ra4   d5  32. Rxc4   Qxc4  33. Qxc4   dxc4  34. Rxb2   h5  35. Kf2   Rc8  36. Kf3   Bc5  37. Rb8   Rxb8  38. Bxb8   f6  39. Bc7   Kf7  40. Ke4  40... f5+  41. Ke5   c3  0-1

[Event "Fredericia Chess 2024 IM"]
[Site "Fredericia Denmark"]
[Date "2024.05.10"]
[Round "5.5"]
[White "Koch Mueller, Oscar"]
[Black "Liu, Casper Yukun"]
[Result "0-1"]
[WhiteElo "2054"]
[BlackElo "2306"]
[WhiteFideId "1447955"]
[BlackFideId "1454153"]
[SourceTitle "Live"]

1. d4   Nf6  2. c4   e6  3. Nf3   d5  4. Nc3   Bb4  5. cxd5   exd5  6. Bg5   h6  7. Bxf6   Qxf6  8. e3   O-O  9. Qb3   Bxc3+  10. bxc3  10... c6  11. Bd3   Nd7  12. O-O   Qe7  13. Rae1   Nf6  14. Nd2   Ne4  15. Qc2   f5  16. f3   Nd6  17. e4   fxe4  18. fxe4   Rxf1+  19. Rxf1   dxe4  20. Nxe4  20... Nxe4  21. Bxe4   Be6  22. Qe2   Re8  23. Bg6   Bd5  24. Qf2   Rd8  25. Bb1   Rd6  26. Qf5   g6  27. Qh3   Qg5  28. Re1   Rf6  29. c4   Qd2  30. Qg3  30... Qxd4+  31. Kh1   Qxc4  32. Bd3   Qxa2  33. Qb8+   Rf8  34. Qg3   g5  35. h4   Qf2  36. Bh7+   Kxh7  37. Re7+   Kh8  38. Qe5+   Qf6  39. Kg1 0-1

[Event "Fredericia Chess 2024 IM"]
[Site "Fredericia Denmark"]
[Date "2024.05.11"]
[Round "6.1"]
[White "Licznerski, Lukasz"]
[Black "Koch Mueller, Oscar"]
[Result "1-0"]
[WhiteElo "2418"]
[BlackElo "2054"]
[WhiteFideId "1179250"]
[BlackFideId "1447955"]
[SourceTitle "Live"]

1. e4   e6  2. d4   d5  3. Nd2   c5  4. Ngf3   cxd4  5. Nxd4   Nc6  6. Bb5   Bd7  7. Nxc6   bxc6  8. Bd3   Qc7  9. Qe2   Ne7  10. Nf3  10... Ng6  11. e5   f6  12. Bxg6+   hxg6  13. Bd2   Be7  14. O-O-O   a5  15. h4   a4  16. g4   a3  17. b3   Kf7  18. Rdg1   c5  19. c3   d4  20. g5  20... Bc6  21. gxf6   gxf6  22. exf6   Bxf6  23. Rh3   Rh5  24. Ng5+   Bxg5  25. Rxg5   dxc3  26. Rxc3   Rxg5  27. Bxg5   Qh2  28. Rf3+   Kg7  29. Rf4   Qh1+  30. Kc2  30... Qd5  31. Qe3   Ra7  32. Qc3+   Kh7  33. Rf8   Qe4+  34. Qd3   Kg7  35. Rf4   Qxd3+  36. Kxd3   Bd5  37. Kc3   Ra6  38. Bf6+   Kh6  39. Be7   Ra5  40. Rf7  40... Be4  41. Bg5+   Kh5  42. f3  1-0

[Event "Fredericia Chess 2024 IM"]
[Site "Fredericia Denmark"]
[Date "2024.05.11"]
[Round "6.2"]
[White "Skytte, Rasmus"]
[Black "Liu, Casper Yukun"]
[Result "0-1"]
[WhiteElo "2358"]
[BlackElo "2306"]
[WhiteFideId "1404210"]
[BlackFideId "1454153"]
[SourceTitle "Live"]

1. Nf3   d5  2. g3   Nf6  3. Bg2   Bg4  4. c4   c6  5. Ne5   Be6  6. Qc2   Nbd7  7. d4   dxc4  8. Nxc4   Nb6  9. Na5   Qxd4  10. Be3  10... Qd7  11. Nxb7   Bd5  12. Nc5   Qd6  13. f3   Nc4  14. Bf2   Ng4  15. fxg4   Bxg2  16. Rg1   Bd5  17. Nc3   e5  18. Rd1   Qg6  19. Qa4   Nxb2  20. Nxd5  20... Nxa4  21. Nc7+   Ke7  22. Rd7+   Kf6  23. g5+   Kxg5  24. Be3+   Kg4  25. h3+   Kxh3  26. Nd3   Rb8  27. Kf2   Qf5+  28. Bf4   Bc5+  29. Nxc5   exf4  30. Rh1+  30... Kg4  31. Rh4+   Kg5  32. Ne4+   Qxe4  0-1

[Event "Fredericia Chess 2024 IM"]
[Site "Fredericia Denmark"]
[Date "2024.05.11"]
[Round "6.3"]
[White "Kopylov, Daniel"]
[Black "Ramsdal, Jens Albert"]
[Result "1-0"]
[WhiteElo "2368"]
[BlackElo "2369"]
[WhiteFideId "12921971"]
[BlackFideId "1429221"]
[SourceTitle "Live"]

1. d4   e6  2. c4   b6  3. Nf3   Bb7  4. a3   Nf6  5. Bf4   Bd6  6. Bxd6   cxd6  7. d5   exd5  8. Nc3   Na6  9. cxd5   Nc7  10. e4  10... Qe7  11. Qe2   Rc8  12. Qe3   O-O  13. Be2   Rfe8  14. Nd2   Nxe4  15. Qxe4   Qf6  16. Qg4   Nxd5  17. Nxd5   Qxb2  18. O-O   Bxd5  19. Rad1   Rc2  20. Nc4  20... Qa2  21. Rxd5   Rexe2  22. Qxd7   g6  23. Nxd6   Qxd5  24. Qd8+   Re8  25. Qxe8+   Kg7  26. Qe7   Qe6  27. Qxe6   fxe6  28. Ra1   Kf6  29. g3   a6  30. Re1  30... b5  31. Re3   Ke7  32. Ne4   h6  33. Kg2   a5  34. Rb3   Rc4  35. Kf3   b4  36. axb4   Rxb4  37. Rxb4   axb4  38. Ke3   e5  39. Kd3   Ke6  40. Kc4  40... g5  41. g4   b3  42. Nc5+  1-0

[Event "Fredericia Chess 2024 IM"]
[Site "Fredericia Denmark"]
[Date "2024.05.11"]
[Round "6.4"]
[White "Kopylov, Michael"]
[Black "Kanov, Nikola Krasimirov"]
[Result "1/2-1/2"]
[WhiteElo "2376"]
[BlackElo "2413"]
[WhiteFideId "14105080"]
[BlackFideId "2928531"]
[SourceTitle "Live"]

1. d4   Nf6  2. c4   c5  3. d5   e6  4. Nc3   exd5  5. cxd5   d6  6. Nf3   g6  7. h3   Bg7  8. e4   O-O  9. Bd3   Re8  10. O-O  10... Nbd7  11. Bf4   c4  12. Bc2   Nc5  13. Re1   b5  14. a3   a6  15. Qd2   Bb7  16. Rad1   Qb6  17. e5   dxe5  18. Bxe5   Nfd7  19. Bxg7   Kxg7  20. d6  20... Bxf3  21. gxf3   Rxe1+  22. Rxe1   Ne6  23. Rd1   Re8  24. f4   Qc5  25. Nd5   f5  26. b3   Kh6  27. Qe3   Qxe3  28. fxe3   cxb3  29. Bxb3   Nec5  30. Ba2  30... Re6  31. Nb6   Rxe3  32. Nxd7   Nxd7  33. Bd5   Rxa3  34. Bc6   Nb8  35. Bg2   Nd7  36. Bc6   Nb8  37. Bg2   Ra4  38. d7   Nxd7  39. Rxd7   Rxf4  40. Rb7  40... Ra4  41. Bd5   Rd4  42. Bg8   Rd8  43. Rxh7+   Kg5  44. h4+   Kf4  45. Rg7   Rd6  46. Bh7   b4  47. Bxg6   b3  48. Bxf5   Kxf5  49. Rb7   Rd3  50. Kf2  50... Ke4  51. h5   Rh3  52. Kg2   Rxh5  53. Rxb3   Rf5  54. Ra3   a5  55. Kg3   Kd4  56. Kg4   Rd5  57. Kf4   Kc4  58. Ke4   Kb4  59. Kxd5   Kxa3  60. Kc4  60... a4  61. Kc3   Ka2  62. Kc2   a3  63. Kc1   Kb3  64. Kb1   a2+  65. Ka1   Ka3  1/2-1/2

[Event "Fredericia Chess 2024 IM"]
[Site "Fredericia Denmark"]
[Date "2024.05.11"]
[Round "6.5"]
[White "Thorsen, Adrian Stenstrop"]
[Black "Easwaralingam, Adesh"]
[Result "0-1"]
[WhiteElo "2188"]
[BlackElo "2168"]
[WhiteFideId "1473760"]
[BlackFideId "1448552"]
[SourceTitle "Live"]

1. c4   Nf6  2. Nf3   e6  3. g3   d5  4. Bg2   Be7  5. O-O   O-O  6. b3   c5  7. cxd5   Nxd5  8. Bb2   Nc6  9. d4   cxd4  10. Nxd4  10... Nxd4  11. Bxd4   Bf6  12. e4   Nf4  13. Bxf6   Qxf6  14. Na3   Nxg2  15. Kxg2   b6  16. Nc4   Rd8  17. Qe2   Bb7  18. Rfd1   Rd4  19. f3   Rad8  20. Ne3  20... h5  21. Rxd4   Rxd4  22. Rd1   Qd8  23. Rxd4   Qxd4  24. Nc4   e5  25. Qb2   Qxb2+  26. Nxb2   Ba6  27. Kf2   Kf8  28. Ke3   Ke7  29. Nd1   Ke6  30. f4  30... exf4+  31. gxf4   f5  32. e5   g5  33. h4   gxh4  34. Nc3   Bb7  35. Kf2   Bc6  36. b4   a5  37. a3   axb4  38. axb4   Be4  39. Kg1   Bf3  40. Kh2  40... Bg4  41. Kg2   Kd7  42. Nd5   Kc6  43. Ne7+   Kd7  44. Nd5   Kc6  45. Nc3   Kd7  46. Kh2   Kc6  47. b5+   Kc5  48. Kg2   h3+  49. Kg3   h4+  50. Kh2  50... Kc4  51. Nb1   Kxb5  52. Na3+   Kb4  53. Nc2+   Kc5  54. e6   Kd6  55. Nd4   b5  56. Kg1   b4  57. Kh2   b3  58. Nxb3   Kxe6  0-1

[Event "Fredericia Chess 2024 IM"]
[Site "Fredericia Denmark"]
[Date "2024.05.11"]
[Round "7.1"]
[White "Liu, Casper Yukun"]
[Black "Licznerski, Lukasz"]
[Result "0-1"]
[WhiteElo "2306"]
[BlackElo "2418"]
[WhiteFideId "1454153"]
[BlackFideId "1179250"]
[SourceTitle "Live"]

1. d4 Nf6  2. c4   e6  3. g3   c5  4. Nf3   cxd4  5. Nxd4   d5  6. Bg2   e5  7. Nf3   d4  8. O-O   Nc6  9. e3   Be7  10. exd4  10... exd4  11. Nbd2   O-O  12. Nb3   d3  13. Be3   Be6  14. Nfd4   Nxd4  15. Nxd4   Bxc4  16. Bxb7   Rb8  17. Bf3   Nd5  18. Nc6   Nxe3  19. fxe3   Qd6  20. Nxb8  20... Rxb8  21. b3   Ba6  22. Rc1   Qe5  23. Kh1   Bb4  24. Rc6   Bb5  25. Rc4   Bxc4  26. bxc4   Qxe3  27. Bd5   d2  28. Rxf7   Kh8  29. Kg2   Re8  30. Rf2  30... g6  31. Bf3   Rf8  32. Rf1   Kg7  33. Bd5   Qe1  34. Bf3   Rf5  35. Qa1+   Re5  36. Qd4   Bc5  37. Qd7+   Re7  38. Qd3   Kh6  39. Qb1   Re3  40. Qd1  40... Kg7  41. Qb1   h5  42. Qb2+   Kh7  43. Qf6   Re2+  44. Bxe2   Qxe2+  45. Kh3   Bd4  46. Qf8   Bg7  47. Rf7   Qe6+  0-1

[Event "Fredericia Chess 2024 IM"]
[Site "Fredericia Denmark"]
[Date "2024.05.11"]
[Round "7.2"]
[White "Koch Mueller, Oscar"]
[Black "Kopylov, Daniel"]
[Result "1/2-1/2"]
[WhiteElo "2054"]
[BlackElo "2368"]
[WhiteFideId "1447955"]
[BlackFideId "12921971"]
[SourceTitle "Live"]

1. d4   Nf6  2. c4   g6  3. Nc3   d5  4. cxd5   Nxd5  5. Bd2   Bg7  6. e4   Nb6  7. Be3   O-O  8. h3   e5  9. dxe5   Qxd1+  10. Rxd1  10... Bxe5  11. Nge2   c6  12. f4   Bg7  13. b3   Re8  14. Kf2   Na6  15. g4   Be6  16. Nd4   Bd7  17. a4   c5  18. Ndb5   Be6  19. a5   Nc8  20. Nd5  20... Bxd5  21. Rxd5   Ne7  22. Rd7   Nc6  23. Bc4   Rxe4  24. Bxf7+   Kf8  25. Bd5   Re7  26. Rxe7   Kxe7  27. Re1   Kd7  28. Bd2   Nab4  29. Be6+   Kd8  30. Rd1  30... Ke7  31. Bxb4   cxb4  32. Rd7+   Kxe6  33. Rxg7   Rf8  34. Rxh7   Rxf4+  35. Ke3   Rf1  36. Rxb7   Rb1  37. Rc7   Nxa5  38. Nd4+   Kd5  39. Rd7+   Kc5  40. Rxa7  40... Nxb3  41. Rc7+   Kd5  42. Ne2   g5  43. Rg7   Nc5  44. Rxg5+   Kc4  45. Rg8   Rb3+  46. Kd2   Rd3+  47. Kc2   b3+  48. Kb1   Rd2  49. Nc1   b2  50. Na2  50... Na4  51. Rc8+   Kb3  52. Nc1+   Ka3  53. g5   Rh2  54. Ra8   Rxh3  55. Rxa4+   Kxa4  56. Kxb2   Kb4  57. Kc2   Kc4  58. Kd2   Rg3  59. Ne2   Rxg5  60. Ke3  60... Re5+  61. Kf3   Kd3  62. Nf4+   Kd2  63. Ng6   Ra5  64. Ke4   Ra4+  65. Kd5   Ke3  66. Ne5   Ra5+  67. Kd6   Ke4  68. Nc6   Rh5  69. Nb4   Rb5  70. Nc6  70... Rd5+  71. Ke6   Rd1  72. Nb4   Rh1  73. Kd6   Rh5  74. Nc6   Kd3  75. Nd8   Kd4  76. Ne6+   Kc4  77. Nf4   Ra5  78. Ne6   Rd5+  79. Kc6   Rd1  80. Nc7  80... Rb1  81. Kd6   Rb6+  82. Ke5   Kc5  83. Ne6+   Kc6  84. Nd4+   Kd7  85. Kd5   Rd6+  86. Ke5   Ra6  87. Kd5   Ra5+  88. Ke4   Rh5  89. Nf5   Rh1  90. Nd4  90... Kd6  91. Nf5+   Kc5  92. Ke5   Re1+  93. Kf4   Re8  94. Ne3   Kd4  95. Nf5+   Kd3  96. Nd6   Re1  97. Nf5   Re4+  98. Kf3   Ra4  99. Ng3   Kd4  100. Kf4  100... Kd5+  101. Kf5  10 Ra8  102. Kf4  10 Rf8+  103. Ke3  10 Rf7  104. Ne2  10 Ke5  105. Kd3  10 Rf3+  106. Kc4  10 Rh3  107. Nc3  10 Rh4+  1/2-1/2

[Event "Fredericia Chess 2024 IM"]
[Site "Fredericia Denmark"]
[Date "2024.05.11"]
[Round "7.3"]
[White "Kanov, Nikola Krasimirov"]
[Black "Thorsen, Adrian Stenstrop"]
[Result "1/2-1/2"]
[WhiteElo "2413"]
[BlackElo "2188"]
[WhiteFideId "2928531"]
[BlackFideId "1473760"]
[SourceTitle "Live"]

1. e4   e5  2. Nf3   Nc6  3. Bc4   Bc5  4. O-O   Nf6  5. d3   O-O  6. Re1   Ng4  7. Rf1   Nf6  8. c3   d5  9. exd5   Nxd5  10. Re1  10... Bg4  11. h3   Bh5  12. Nbd2   Nb6  13. Bb5   Bd6  14. Ne4   f5  15. Ng3   Bxf3  16. Qxf3   Qd7  17. Qh5   Rae8  18. Bd2   g6  19. Qh4   a6  20. Bc4+  20... Nxc4  21. Qxc4+   Qf7  22. Qa4   Rd8  23. Rad1   Bc5  24. Bg5   Rd6  25. b4   Bb6  26. Qc2   Kg7  27. Bc1   Rfd8  28. a4   Qd5  29. Bb2   Kf7  30. Kh2  30... Qe6  31. b5   axb5  32. axb5   Ne7  33. d4   Qc4  34. Qc1   e4  35. f3   exf3  36. Qh6   Re6  37. Qxh7+   Ke8  38. d5   Rxe1  39. Rxe1   Bc5  40. Qxg6+  40... Kf8  41. Qf6+   Ke8  42. Qg6+   Kf8  43. Qh6+   Kf7  44. Qh7+   Ke8  45. Qg8+   Kd7  46. Qe6+   Ke8  47. Qg8+   Kd7  48. Qe6+   Ke8  49. Nh5   f2  50. Qg8+  50... Kd7  51. Qe6+   Ke8  52. Qg8+   Kd7  53. Qe6+   Ke8  54. Qg6+   Kd7  55. Qe6+  1/2-1/2

[Event "Fredericia Chess 2024 IM"]
[Site "Fredericia Denmark"]
[Date "2024.05.11"]
[Round "7.4"]
[White "Easwaralingam, Adesh"]
[Black "Skytte, Rasmus"]
[Result "1/2-1/2"]
[WhiteElo "2168"]
[BlackElo "2358"]
[WhiteFideId "1448552"]
[BlackFideId "1404210"]
[SourceTitle "Live"]

1. e4   c5  2. Nf3   g6  3. d4   cxd4  4. Qxd4   Nf6  5. Nc3   Nc6  6. Qa4   d6  7. e5   dxe5  8. Nxe5   Bd7  9. Nxd7   Nxd7  10. Be3  10... Bg7  11. Rd1   O-O  12. Bb5   Bxc3+  13. bxc3   Qc7  14. O-O   Rfd8  15. Bf4   Qb6  16. Be3   Qc7  17. Bf4   Qb6  18. Be3   Qc7  19. Bf4  1/2-1/2

[Event "Fredericia Chess 2024 IM"]
[Site "Fredericia Denmark"]
[Date "2024.05.11"]
[Round "7.5"]
[White "Ramsdal, Jens Albert"]
[Black "Kopylov, Michael"]
[Result "1/2-1/2"]
[WhiteElo "2369"]
[BlackElo "2376"]
[WhiteFideId "1429221"]
[BlackFideId "14105080"]
[SourceTitle "Live"]

1. d4   f5  2. c4   Nf6  3. Nc3   g6  4. Nf3   Bg7  5. g3   O-O  6. Bg2   d6  7. O-O   Qe8  8. d5   Na6  9. Nd4   Bd7  10. Rb1  10... c6  11. b4   Nxb4  12. Nxf5   gxf5  13. Rxb4   Ng4  14. Qc2   Rb8  15. dxc6   bxc6  16. Rxb8   Qxb8  17. Bg5   Qb4  18. Rc1   Qxc4  19. Bxe7   Re8  20. Bg5  20... Qxc3  21. Qxc3   Bxc3  22. Rxc3   Rxe2  23. Bf1   Re1  24. h3   Nh2  25. Kxh2   Rxf1  26. Kg2   Rb1  27. Rb3   Rxb3  28. axb3   Kf7  29. Kf3   c5  30. Bd2  30... Ke6  31. Ke3   Kd5  32. Kd3   Bb5+  33. Kc3   Ke4  34. b4   cxb4+  35. Kxb4   Bf1  36. Be3   a6  37. h4   d5  38. Bb6   d4  39. Kb3   Kd3  40. Kb2  40... Bg2  41. Kc1   Bf3  42. Kb2   Be4  43. Kc1   Bc6  44. Kb2   Bb5  45. Kc1   Kc3  46. Ba5+   Kd3  47. Bb6   Kc4  48. Kd2   d3  49. Bc7   Kb4  50. f3  50... Kc4  51. g4   Bd7  52. g5   Be8  53. Ba5   Bf7  54. Ke3   Bg6  55. Bd2   Bh5  56. f4   Be2  57. Be1   Kb5  58. h5   Bxh5  59. Kxd3   a5  60. Kc2  60... a4  61. Kb2   Kc4  62. Ba5  1/2-1/2

[Event "Fredericia Chess 2024 IM"]
[Site "Fredericia Denmark"]
[Date "2024.05.12"]
[Round "8.1"]
[White "Skytte, Rasmus"]
[Black "Licznerski, Lukasz"]
[Result "1/2-1/2"]
[WhiteElo "2358"]
[BlackElo "2418"]
[WhiteFideId "1404210"]
[BlackFideId "1179250"]
[SourceTitle "Live"]

1. e4   c6  2. d4   d5  3. exd5   cxd5  4. c4   Nf6  5. Nc3   Nc6  6. Nf3   Bg4  7. cxd5   Nxd5  8. Qb3   Bxf3  9. gxf3   e6  10. Qxb7  10... Nxd4  11. Bb5+   Nxb5  12. Qc6+   Ke7  13. Qc5+   Nd6  14. Nxd5+   exd5  15. Qxd5   Kd7  16. O-O   Rb8  17. Rd1   Rb6  18. Bf4   Be7  19. Rac1   Ke8  20. Re1  20... h5  21. Re3   Rh6  22. Bxh6   gxh6  23. Rce1   Nc8  24. Qe5   Rg6+  25. Kh1   Qd6  26. Qf5   Qd7  27. Qxh5   Kf8  28. Qe5   Rf6  29. Qe4   Rg6  30. Qe5  30... Rf6  31. Qe4   Rg6  32. Qe5  1/2-1/2

[Event "Fredericia Chess 2024 IM"]
[Site "Fredericia Denmark"]
[Date "2024.05.12"]
[Round "8.2"]
[White "Kopylov, Daniel"]
[Black "Liu, Casper Yukun"]
[Result "1-0"]
[WhiteElo "2368"]
[BlackElo "2306"]
[WhiteFideId "12921971"]
[BlackFideId "1454153"]
[SourceTitle "Live"]

1. d4   Nf6  2. Nf3   d5  3. c4   e6  4. Nc3   c6  5. Qd3   dxc4  6. Qxc4   b5  7. Qd3   a6  8. g3   c5  9. Bg2   Bb7  10. O-O  10... Nc6  11. Rd1   Qb6  12. Bg5   Ng4  13. Qe4   Nxf2  14. Kxf2   Nb4  15. d5   h6  16. Be3   Qd6  17. dxe6   Bxe4  18. exf7+   Kxf7  19. Rxd6   Bxd6  20. Nxe4  20... Be7  21. Bxc5   Bxc5+  22. Nxc5   Rac8  23. Ne5+   Ke7  24. Ng6+   Kf6  25. Nxh8   Rxc5  26. Rd1   Rc8  27. Rd6+   Ke7  28. Rd4  1-0

[Event "Fredericia Chess 2024 IM"]
[Site "Fredericia Denmark"]
[Date "2024.05.12"]
[Round "8.3"]
[White "Easwaralingam, Adesh"]
[Black "Kanov, Nikola Krasimirov"]
[Result "1/2-1/2"]
[WhiteElo "2168"]
[BlackElo "2413"]
[WhiteFideId "1448552"]
[BlackFideId "2928531"]
[SourceTitle "Live"]

1. e4   e5  2. Nf3   Nc6  3. Bb5   a6  4. Ba4   Nf6  5. O-O   b5  6. Bb3   Bc5  7. c3   d6  8. d4   Bb6  9. Be3   Bg4  10. dxe5  10... Nxe5  11. Bxb6   cxb6  12. Nbd2   O-O  13. h3   Bh5  14. g4   Bg6  15. Nh2   Nxe4  16. f4   Qh4  17. Nxe4   Bxe4  18. Qe1   Qxe1  19. Raxe1   Bd3  20. fxe5  20... Bxf1  21. Kxf1   dxe5  22. Rxe5   g6  23. Re7   Rae8  24. Rb7   Rb8  25. Re7   Rbe8  26. Rb7   Rb8  27. Rxb8   Rxb8  28. Nf3   Kg7  29. Kf2   Re8  30. Nd4  30... Kf6  31. Bd5   Rd8  32. Bb7   b4  33. Bxa6   bxc3  34. bxc3   Ra8  35. Bc4   Rc8  36. Bb3   Rxc3  37. Nf3   h6  38. Kg2   Re3  39. Kf2   Rc3  40. h4  40... h5  41. gxh5   gxh5  42. Kg3   Re3  43. Kf4   Re2  44. Ng5   Rg2  45. Nf3   Rg4+  46. Ke3   Rg2  47. Bd5   Ke7  48. Kf4   Kf6  49. Ke3   Ke7  50. Nd4  50... Rh2  51. Bc4   Kf6  52. Nf3   Rg2  53. Be2   Rg4  54. Bb5   Rg2  55. a4   Rg4  56. Be8   Ke7  57. Bxf7   Rxa4  58. Bxh5   Ra3+  59. Kd4   Rxf3  60. Ke4 1/2-1/2

[Event "Fredericia Chess 2024 IM"]
[Site "Fredericia Denmark"]
[Date "2024.05.12"]
[Round "8.4"]
[White "Kopylov, Michael"]
[Black "Koch Mueller, Oscar"]
[Result "1-0"]
[WhiteElo "2376"]
[BlackElo "2054"]
[WhiteFideId "14105080"]
[BlackFideId "1447955"]
[SourceTitle "Live"]

1. Nf3   Nf6  2. c4   e6  3. g3   d5  4. Bg2   d4  5. O-O   c5  6. e3   Nc6  7. exd4   cxd4  8. d3   Bd6  9. Nbd2   h6  10. a3  10... a5  11. Rb1   O-O  12. Re1   Re8  13. Qc2   Nd7  14. Ne4   Bf8  15. c5   f5  16. Nd6   Bxd6  17. cxd6   Nf6  18. Qc5   Nd7  19. Qc2   Nf6  20. b4  20... axb4  21. axb4   Qxd6  22. b5   Nb4  23. Qc4   Nbd5  24. Qxd4   Rd8  25. Ne5   Nb6  26. Qxd6   Rxd6  27. Bf4   Nh5  28. Bc1   Nd7  29. Nxd7   Rxd7  30. Rxe6  30... Rxd3  31. Re1   Nf6  32. Bf4   g5  33. Be5   Nd5  34. Rb3   Rd2  35. Rb2   Rd3  36. Bf1   Rda3  37. Bc4   Be6  38. Rd2   Nf4  39. Bxe6+   Nxe6  40. Bb2  40... Nc7  41. Bxa3  1-0

[Event "Fredericia Chess 2024 IM"]
[Site "Fredericia Denmark"]
[Date "2024.05.12"]
[Round "8.5"]
[White "Thorsen, Adrian Stenstrop"]
[Black "Ramsdal, Jens Albert"]
[Result "1-0"]
[WhiteElo "2188"]
[BlackElo "2369"]
[WhiteFideId "1473760"]
[BlackFideId "1429221"]
[SourceTitle "Live"]

1. Nf3   Nf6  2. c4   e6  3. g3   b6  4. Bg2   Bb7  5. O-O   Be7  6. d4   O-O  7. d5   exd5  8. Nd4   c6  9. cxd5   Nxd5  10. e4  10... Nc7  11. e5   f5  12. Qc2   g6  13. Bh6   Rf7  14. Rd1   Qc8  15. g4   fxg4  16. Be4   Kh8  17. Qc4   Ne6  18. Nc3   Bc5  19. Nxe6   dxe6  20. b4  20... Bf8  21. Bxf8   Rxf8  22. Rd6   c5  23. bxc5   bxc5  24. Rad1   Nc6  25. Rd7   Re8  26. Qxc5   Rb8  27. Nb5   Na5  28. Rc7   Bxe4  29. Rxc8   Rexc8  30. Nc7  30... Bf3  31. Rc1   Nc6  32. Nxe6   Ne7  33. Nc7   Nd5  34. Qxa7 Nxc7  35. h3   Nd5  36. Rxc8+   Rxc8  37. hxg4   Bxg4  38. f3   Be6  39. Qa6   Re8  40. Qc6  40... Re7  41. a4   Kg8  42. a5   Kf7  43. Qa8   h5  44. Qh8   Bf5  45. a6   Rc7  46. a7   Rc1+  47. Kf2   Rc2+  48. Ke1   Rc1+  49. Kd2   Rc2+  50. Kd1  50... Ne3+  51. Ke1   Bd3  52. Qf6+  1-0